[Event "BCF-chT 0001 (4NCL)"]
[Site "Birmingham"]
[Date "2001.05.07"]
[Round "11.8"]
[White "Walker, Ellen"]
[Black "Burnett, Jim"]
[Result "0-1"]
[WhiteElo "1640"]
[BlackElo "2213"]
[PlyCount "70"]
[EventDate "2000.09.??"]
[EventType "team"]
[EventRounds "11"]
[EventCountry "ENG"]
[SourceTitle "EXT 2002"]
[Source "ChessBase"]
[SourceDate "2001.11.25"]
[SourceVersion "1"]
[SourceVersionDate "2001.11.25"]
[SourceQuality "1"]
[WhiteTeam "Barbican"]
[BlackTeam "WR"]
[WhiteTeamCountry "ENG"]
[BlackTeamCountry "ENG"]

1. e4 d5 2. exd5 Qxd5 3. Nc3 Qa5 4. Nf3 Nf6 5. Bc4 c6 6. 0-0 Bf5 7. d4 e6 8. Bf4 Nbd7 9. Qe2 Bb4 10. Nd1 0-0 11. a3 Be7 12. Nc3 Rfe8 13. Rfe1 a6 14. Rad1 Nd5 15. Nxd5 cxd5 16. Bd3 Bxd3 17. Qxd3 Qb6 18. Rb1 Rac8 19. c3 Qc6 20. Nd2 b5 21. Qg3 a5 22. Nb3 Qb6 23. Re3 b4 24. axb4 axb4 25. Bh6 Bf8 26. Rf3 f5 27. Nc5 Nxc5 28. dxc5 Qxc5 29. Be3 Qc7 30. Bf4 e5 31. Bd2 bxc3 32. bxc3 Qd7 33. Qg5 g6 34. Re1 Bg7 35. Rh3 Qe7 0-1

[Event "BCF-chT 9899 (4NCL)"]
[Site "England"]
[Date "1999.03.20"]
[Round "7.8"]
[White "Walker, Ellen"]
[Black "Lalic, Susan"]
[Result "0-1"]
[WhiteElo "1696"]
[BlackElo "2335"]
[PlyCount "94"]
[EventDate "1998.10.??"]
[EventType "team"]
[EventRounds "11"]
[EventCountry "ENG"]
[SourceTitle "EXT 2000"]
[Source "ChessBase"]
[SourceDate "1999.11.16"]
[SourceVersion "1"]
[SourceVersionDate "1999.11.16"]
[SourceQuality "1"]
[WhiteTeam "Barbican II"]
[BlackTeam "Slough"]
[WhiteTeamCountry "ENG"]
[BlackTeamCountry "ENG"]

1. e4 c6 2. d4 d5 3. Nc3 g6 4. Nf3 Bg7 5. Be3 Bg4 6. Be2 dxe4 7. Nxe4 Nd7 8. c3 Ngf6 9. Ned2 Nd5 10. Bg5 h6 11. Bh4 Nf4 12. 0-0 0-0 13. Bg3 Nxe2+ 14. Qxe2 Re8 15. Qd3 c5 16. dxc5 Nxc5 17. Qc4 Qc8 18. Ne5 Be6 19. Qe2 Kh7 20. Rad1 f6 21. Nd3 Nxd3 22. Qxd3 Qc6 23. Qc2 Bf5 24. Qc1 e5 25. Rfe1 Rad8 26. b3 b5 27. Qb2 Rd3 28. Nb1 Red8 29. Rd2 Bc8 30. Red1 e4 31. Bf4 f5 32. Qa3 Bb7 33. f3 Rxd2 34. Rxd2 Rxd2 35. Nxd2 Qxc3 36. Qe7 Qd4+ 37. Kf1 exf3 38. Qxb7 fxg2+ 39. Kxg2 Qxf4 40. Nf3 Qe4 41. Qxa7 g5 42. Kf2 b4 43. h3 Kg6 44. Qb6+ Bf6 45. Qb8 Bd4+ 46. Kg3 f4+ 47. Kg2 Qe2+ 0-1

[Event "Southend op"]
[Site "London"]
[Date "1998.04.12"]
[Round "5"]
[White "Walker, Ellen"]
[Black "Behlau, Thomas"]
[Result "0-1"]
[WhiteElo "1536"]
[BlackElo "2120"]
[PlyCount "64"]
[EventDate "1998.04.10"]
[EventType "swiss"]
[EventRounds "7"]
[EventCountry "ENG"]
[SourceTitle "EXT 2001"]
[Source "ChessBase"]
[SourceDate "2000.11.22"]
[SourceVersion "1"]
[SourceVersionDate "2000.11.22"]
[SourceQuality "1"]

1. e4 d5 2. exd5 Nf6 3. Nf3 Bg4 4. Bb5+ Nbd7 5. Nc3 a6 6. Bxd7+ Qxd7 7. d3 Nxd5 8. Ne5 Bxd1 9. Nxd7 Bxc2 10. Nxf8 Nxc3 11. bxc3 Bxd3 12. Nxh7 Rxh7 13. Bf4 0-0-0 14. f3 f6 15. Kf2 e5 16. Bg3 Bc2 17. Rhc1 Ba4 18. Kf1 g5 19. Rcb1 Rd3 20. Rb4 Bb5 21. a4 Bc6 22. Rc1 Rhd7 23. h4 e4 24. Kf2 exf3 25. gxf3 Rxf3+ 26. Ke1 Rxg3 27. Kf2 Rf3+ 28. Ke2 Re7+ 29. Kd2 Rf4 30. hxg5 fxg5 31. Rbb1 Rf2+ 32. Kd1 Bf3# 0-1